000
00291nam a2200121Ia 4500
008
190216s9999||||xx |||||||||||||| ||und||
100
_a
Faucett G M & L W
245
4
_a
The Good Little Men
260
_b
Oxford University Press
_c
1963
300
_a
31p
650
_a
English
942
_c
BK
999
_c
11760
_d
11760